000 00441nam a2200181Ia 4500
001 19145
005 20260306171722.0
008 260306s9999||||xx |||||||||||||| ||und||
041 _aESP
082 _a658.8
_bM16A
100 _aMagrath, Allan J.
_eAUT
245 0 _aCómo lograr el defecto cero en mercadotecnia
260 _c1995
300 _a203 páginas :
_c23 cm.
650 _aGEN
654 _aCAN
942 _cLIB
_dJUS
_fJUS
_2ddc
_n
999 _c19145
_d19145